[Event "HUN-ch Rapid 2020"]
[Site "Ajka"]
[Date "2020.07.19"]
[Round "13.12"]
[White "Korpa, Bence"]
[Black "Ongut, Tamas Gunes"]
[Result "1-0"]
[WhiteElo "2545"]
[BlackElo "2269"]
[Annotator "TA"]
[PlyCount "101"]
[EventDate "2020.07.17"]
[EventType "rapid"]
[EventCountry "HUN"]
[SourceTitle "playchess.com"]
[Source "ChessBase"]
[SourceQuality "1"]

{[%evp 14,101,31,-7,48,0,20,0,0,0,0,0,4,-10,0,-9,0,0,-2,-15,0,0,0,0,21,11,21,6,13,15,94,98,105,99,100,68,61,2,0,0,122,121,130,122,164,167,233,224,218,92,209,209,216,185,153,119,141,34,71,88,91,77,81,77,73,41,236,225,815,789,711,705,1065,1081,992,991,945,910,859,822,961,959,29964,29969,29984,29985,29985,29986,29986,29984]} 1. Nf3 d5 2. g3 Nd7 3. c4 dxc4 4. Qa4 a6 5. Qxc4 Ngf6 6. Bg2 e6 7. Qc2 c5 8. O-O Be7 {A13: English Opening: 1...e6.} (8... b5 $11) 9. b3 O-O 10. Bb2 Rb8 {The position is equal.} 11. d3 b5 12. Nbd2 Bb7 13. Rac1 Qb6 14. Qb1 Rfd8 15. Qa1 Rbc8 16. Rc2 {[#]} Bf8 $146 ({Predecessor:} 16... Ne8 17. Rfc1 Bf6 18. Bxf6 Nexf6 19. Ne5 Nxe5 20. Qxe5 Bxg2 21. Kxg2 Rd5 22. Qb2 Nd7 {½-½ (35) Bezold,M (2547)-Hertneck,G (2478) Munich 2016}) 17. Rfc1 h6 18. a3 Be7 19. h3 Nf8 20. Nf1 Bd5 21. b4 c4 (21... N8d7 $11) 22. e4 $16 Bb7 23. e5 Nd5 24. dxc4 (24. Bd4 {feels hotter.} Qc6 25. N1d2 c3 26. Bxc3 Nxc3 27. Rxc3 Qd7 28. Nb3) 24... bxc4 25. Rxc4 (25. N1d2 $14) 25... Rxc4 $11 26. Rxc4 Qb5 (26... a5 $11) 27. Qc1 $16 Ng6 28. Nd4 Qb6 29. Nc6 Bxc6 (29... Re8 $142 30. Qc2 Rc8) 30. Rxc6 $18 Qb5 31. h4 (31. Be4 $18 {and White stays clearly on top.}) 31... Qe2 (31... a5 $16) 32. Rc2 Qg4 33. Nh2 {[%cal Bf1h2,Bh2f3,Bf3e1,Be1g2,Bg2e3][%mdl 32]} Qf5 34. Nf3 Ndf4 35. Bf1 ({White should play} 35. gxf4 $16 {Black must now prevent Rc4.} Nxf4 36. Ne1) 35... Nd3 36. Bxd3 Rxd3 37. Ne1 $36 {[%mdl 2048] White is really pushing.} Rd5 38. Rc8+ Kh7 39. Qc2 (39. Ng2 $5 {[%cal Rg2e3]} Nxe5 40. Bxe5 Rxe5 41. Ne3 $16) 39... Qh3 $2 {Black cannot hold the game after this.} (39... Nxe5 $14 40. Qxf5+ exf5) 40. Ng2 {Threatens to win with Nf4.} Qg4 $2 (40... Rd8 41. Rc7 Kg8) 41. Ne3 $1 {[%csl LRd5,LRg4][%mdl 64] [#] Double Attack} Qf3 42. Nxd5 Bxh4 43. gxh4 Qg4+ 44. Kf1 {Strongly threatening Ne7.} exd5 45. Rc3 Qxh4 46. Kg1 d4 47. Rg3 Kg8 {[#]} 48. e6 $1 {White mates.} Nf4 (48... fxe6 49. Qxg6) 49. exf7+ Kxf7 50. Qc7+ Ke8 51. Qe5+ {[%mdl 64] Double Attack. Accuracy: White = 68%, Black = 58%.} 1-0

[Event "HUN-ch Rapid 2020"]
[Site "Ajka"]
[Date "2020.07.19"]
[Round "13.13"]
[White "Balog, Imre"]
[Black "Varga, Peter"]
[Result "1-0"]
[WhiteElo "2567"]
[BlackElo "2371"]
[Annotator "TA"]
[PlyCount "111"]
[EventDate "2020.07.17"]
[EventType "rapid"]
[EventCountry "HUN"]
[SourceTitle "playchess.com"]
[Source "ChessBase"]
[SourceQuality "1"]

{[%evp 15,111,4,10,9,0,0,21,16,48,32,58,38,44,32,50,50,50,55,52,32,39,26,120,126,167,170,160,156,164,151,141,124,166,156,161,128,168,172,243,233,260,172,180,180,301,314,310,304,304,318,311,318,316,306,297,304,296,222,281,292,279,220,212,214,195,183,218,217,386,356,331,331,645,641,1226,867,1475,1434,875,1222,918,475,1672,1303,2934,2063,1572,1468,1135,993,12836,5916,12838,12839,12840,12840,12844,12843]} 1. d4 d5 2. Nf3 Nf6 3. c4 c6 4. Qb3 dxc4 5. Qxc4 Bf5 6. g3 e6 7. Bg2 Nbd7 8. O-O Be7 9. Rd1 {D23: Queen's Gambit Accepted: 3 Nf3 Nf6 sidelines.} O-O 10. e3 h6 11. Qe2 {The position is equal.} Ne4 12. Ne1 Qb6 13. f3 Nef6 14. e4 Bh7 15. Be3 {[#]} c5 $146 ({Predecessor:} 15... Rad8 16. Kh1 c5 17. Nc3 cxd4 18. Bxd4 Nc5 19. Nc2 Qc7 20. f4 a6 21. Rac1 b5 {1-0 (44) Suleymenov,A (2057)-Assaubayeva,D (1962) Kostanay 2014}) 16. Nc3 cxd4 17. Bxd4 Bc5 18. Qf2 e5 (18... Bxd4 $11 19. Qxd4 a6) 19. Bxc5 $16 Nxc5 20. Nd3 Ncd7 21. Qxb6 axb6 22. Bh3 Rfd8 23. Kf2 Kf8 24. Ke3 g5 25. Rd2 h5 26. Bxd7 Nxd7 (26... Rxd7 $142 27. Rdd1 (27. Nxe5 Rxd2 28. Kxd2 b5 $16) 27... Re7) 27. Rad1 $18 {[#] Strongly threatening Nxe5!} Ke8 28. Nd5 {Nc7+ is the strong threat.} Rac8 29. h4 g4 (29... gxh4 $142 30. Rh1 (30. gxh4 f6 $16) 30... f6 31. Rxh4 Bg6) 30. fxg4 hxg4 31. Nf2 f5 32. exf5 Bxf5 33. Ne4 Bxe4 34. Kxe4 Kf7 35. Kf5 {Hoping for Nxb6!} Rf8 36. Ne3 Ke7+ 37. Kxg4 Nf6+ 38. Kh3 Ne4 39. Rd7+ Ke6 {[#] Threatens to win with ...Rf3.} 40. Ng4 $1 ({Don't do} 40. Rxb7 $6 Nf2+ 41. Kg2 Nxd1 $14) 40... Rc2 41. R7d5 Nf2+ $2 (41... Rc5 42. R5d3 Rg8) 42. Nxf2 Rfxf2 {[%mdl 4096] Endgame KRR-KRR} 43. Rd6+ Kf5 $2 (43... Kf7 44. Rd7+ (44. Rxb6 Rxb2 45. Rd7+ Kf8 $18) 44... Kg8 45. Rxb7 Rxb2 46. Rd8+ Rf8) 44. g4+ {White is clearly winning.} Kf4 {[%csl Gc2][%cal Rf2h2]} 45. Rf6+ Ke4 46. Re1+ Kd5 47. Rxf2 Rxf2 {KR-KR} 48. h5 e4 (48... Ke6 $142 49. h6 Kf6) 49. h6 Ke5 50. h7 Rf8 51. Kg3 Rh8 52. Rh1 e3 53. Kf3 (53. g5 $142 Kf5 54. Kf3) 53... e2 54. Kxe2 Kf4 55. Kd3 Kxg4 56. Kc4 {Black did not feel at home in the position after the opening. Accuracy: White = 76%, Black = 39%.} 1-0

[Event "HUN-ch Rapid 2020"]
[Site "Ajka"]
[Date "2020.07.19"]
[Round "13.14"]
[White "Egresi, Mate"]
[Black "Antal, Gergely"]
[Result "0-1"]
[WhiteElo "2362"]
[BlackElo "2571"]
[Annotator "TA"]
[PlyCount "86"]
[EventDate "2020.07.17"]
[EventType "rapid"]
[EventCountry "HUN"]
[SourceTitle "playchess.com"]
[Source "ChessBase"]
[SourceQuality "1"]

{[%evp 9,86,0,0,0,21,4,8,13,0,0,0,0,2,5,8,4,12,-18,-28,-19,-28,-62,-55,-62,-25,-117,-126,-276,-272,-270,-282,-291,-283,-289,-281,-274,-268,-316,-328,-335,-329,-371,-374,-422,-407,-393,-306,-827,-548,-545,-529,-516,-514,-492,-488,-691,-682,-2279,-2042,-29979,-29980,-29983,-29984,-29984,-29985,-29986,-29983,-29983,-29984,-29993,-29987,-29994,-29983,-29997,-29997,-29997,-29998,-29998,-29999]} 1. d4 Nf6 2. c4 g6 3. Nc3 d5 4. Nf3 Bg7 5. h4 c6 6. cxd5 {D90: Grünfeld: 4 Nf3 Bg7 sidelines.} cxd5 7. Bf4 O-O 8. e3 {The position is equal.} Nc6 9. Ne5 Nxe5 10. Bxe5 Ne4 11. Bxg7 Kxg7 12. Nxe4 dxe4 {[#]} 13. h5 $146 ({Predecessor:} 13. Bc4 b5 14. Bb3 a5 15. a3 a4 16. Ba2 Qd6 17. O-O Ba6 18. Re1 Rfc8 19. Qd2 {½-½ (50) Chkhaidze,N (2309)-Antal,G (2563) Deutschlandsberg 2020}) 13... Be6 14. Be2 $1 Rc8 15. Qa4 Qb6 $36 {[%mdl 2048] Black has good play.} 16. h6+ Kg8 (16... Kf6 $5 {[%cal Rb6b2]} 17. b3 Rc2 $15) 17. Qa3 (17. O-O $11) 17... Rc2 $17 18. Rb1 {[#] White does not recover from this.} (18. Rh4 $17 {was worth a try.}) 18... Bxa2 $1 $19 {[%mdl 576] Deflection} 19. Qxa2 {Strongly threatening Bd1.} Qb4+ $1 20. Kf1 {[#] Black must now prevent Bd1.} Qd2 $1 {[%cal Rd2e2]} 21. Kg1 (21. Re1 Rc1 22. Kg1 Qxe1+ 23. Kh2 Qxh1+ 24. Kg3 g5 25. Kg4 Qxg2+ 26. Kf5 Qxf2+ 27. Kxe4 Qxe2 28. Qb3 Rd8 29. d5 Rd1 30. d6 R8xd6 31. Qa2 Qg4+ 32. Ke5 Re6+ 33. Qxe6 Qxe6#) 21... Qxe2 22. Rf1 {[#]} Rfc8 $1 ({Weaker is} 22... Rxb2 23. Qd5 $17) 23. Kh2 Qh5+ ({Not} 23... Rxb2 24. Qxa7 Qh5+ 25. Kg1 $17) 24. Kg1 Qb5 25. Kh2 a5 26. Qa3 Qg5 27. Kg1 Rc1 28. Qa4 $2 (28. b3 Rxf1+ 29. Kxf1) 28... Rxf1+ 29. Kxf1 {[%mdl 4096] Endgame KQR-KQR} Qg4 {( -> ...Rc1+)} 30. Ke1 Qxg2 31. Rf1 Qh3 32. d5 (32. Qxa5 $142 Qxh6 33. Kd2) 32... Qxh6 {aiming for ...Rc1+.} 33. Qxe4 Rc1+ 34. Ke2 Qh5+ {Black mates.} 35. f3 Qh2+ 36. Rf2 Qg1 {[%csl Gc1][%cal Rg1d1]} 37. Qa4 Qe1+ 38. Kd3 Qxf2 {[%mdl 64] Double Attack} 39. Qe8+ {[#]} Kg7 $1 40. Qxe7 Qxf3 41. d6 Rd1+ 42. Kc2 Qe2+ 43. Kb3 Qb5+ {Accuracy: White = 43%, Black = 85%.} 0-1

[Event "HUN-ch Rapid 2020"]
[Site "Ajka"]
[Date "2020.07.19"]
[Round "13.16"]
[White "Gombocz, Ferenc Jr."]
[Black "Seres, Lajos"]
[Result "0-1"]
[WhiteElo "2209"]
[BlackElo "2418"]
[Annotator "TA"]
[PlyCount "114"]
[EventDate "2020.07.17"]
[EventType "rapid"]
[EventCountry "HUN"]
[SourceTitle "playchess.com"]
[Source "ChessBase"]
[SourceQuality "1"]

{[%evp 10,114,25,22,22,18,17,8,19,11,35,28,58,45,70,83,67,59,71,84,91,6,25,20,45,33,97,52,47,29,40,26,29,0,31,0,0,0,0,0,1,-33,-19,-69,-66,-70,-70,-110,-114,-160,-128,-151,-124,-110,-99,-120,-103,-168,-168,-135,-145,-162,-125,-269,-246,-226,-187,-148,-186,-189,-175,-494,-487,-607,-588,-574,-546,-662,-662,-637,-629,-4952,-4702,-5061,-5011,-5406,-5206,-29975,-29976,-29980,-29981,-29981,-29982,-29983,-29984,-29984,-29985,-29985,-29986,-29986,-29987,-29987,-29988,-29988,-29989,-29989,-29990]} 1. c4 e5 2. g3 Nf6 3. Bg2 d5 4. cxd5 Nxd5 5. Nc3 Nb6 6. e3 Be7 {A22: English Opening: 1...e5 2 Nc3 Nf6.} 7. Nge2 Nc6 8. O-O O-O {The position is equal.} 9. f4 exf4 10. Nxf4 Nb4 11. d4 c6 12. e4 $1 c5 13. d5 {[#]} Bf6 $146 ({Predecessor:} 13... Nc4 14. a3 Na6 15. Nd3 Bf6 16. Kh1 b6 17. Qh5 Re8 18. h4 Ne5 19. Nxe5 Rxe5 {1-0 (50) Michelle,C (2153)-Al Hosani,O (2135) Abu Dhabi 2018}) 14. Be3 Na6 15. Nd3 ({White should play} 15. Qe2 $16) 15... Nc4 $11 16. Bc1 Bd4+ 17. Kh1 Nc7 (17... Bd7 $14) 18. Ne2 {Threatens to win with Qb3.} Bg4 19. h3 Bh5 20. Ndf4 Bxe2 $1 21. Qxe2 (21. Nxe2 {is more complex.} Be5 22. Qc2 Nd6 23. Qxc5 Na6 24. Qf2) 21... Ne5 (21... b5 {is interesting.} 22. a4 Re8 23. Qc2 Qe7 24. Nd3 a6) 22. Be3 Bxe3 23. Qxe3 b6 24. Nd3 Re8 25. Rad1 Nb5 26. Nxe5 Rxe5 27. Qd3 Nd6 28. Rc1 Qe7 29. a3 h6 30. b4 c4 31. Rxc4 Nxc4 32. Qxc4 Qd7 33. Rc1 (33. Qd4 $17 {might work better.} f6 34. Rc1) 33... Ree8 $1 $19 34. Qd4 Rac8 35. Rxc8 Qxc8 $17 {[%mdl 4096] Endgame KQR-KQB} 36. e5 {[#] This move loses the game for White.} (36. Kh2 $17 {was necessary.}) 36... Qf5 $1 $19 37. d6 Qxe5 38. d7 {aiming for Qxe5.} Qe1+ (38... Qxd4 $2 {loses.} 39. dxe8=Q+ Kh7 40. Be4+ g6 41. Qxf7+ Qg7 42. Bxg6+ Kh8 43. Qe8+ Qg8 44. Qe5+ Qg7 45. Qb8+ Qg8 46. Qd6 $18) 39. Kh2 Rd8 {And now ...Qe6 would win.} 40. Qd6 $2 (40. Bc6 {is a better chance.}) 40... Qe6 41. Qxe6 fxe6 {KR-KB} 42. Bc6 Kf7 43. Kg2 Ke7 44. Kf3 Rxd7 45. Bxd7 Kxd7 {KP-KP} 46. a4 Kd6 47. Ke4 a6 48. g4 g5 {Black mates.} 49. Kd4 e5+ 50. Kc4 Kc6 51. a5 b5+ 52. Kc3 Kd5 53. Kd3 {[#]} e4+ $1 54. Ke3 Ke5 55. Ke2 Kd4 56. Kd2 e3+ 57. Ke2 Ke4 {Accuracy: White = 52%, Black = 87%.} 0-1

[Event "HUN-ch Rapid 2020"]
[Site "Ajka"]
[Date "2020.07.19"]
[Round "13.17"]
[White "Gaal, Zsoka"]
[Black "Meszaros, Tamas"]
[Result "0-1"]
[WhiteElo "2197"]
[BlackElo "2378"]
[Annotator "TA"]
[PlyCount "56"]
[EventDate "2020.07.17"]
[EventType "rapid"]
[EventCountry "HUN"]
[SourceTitle "playchess.com"]
[Source "ChessBase"]
[SourceQuality "1"]

{[%evp 19,55,0,-11,-17,-9,-20,-6,-30,0,0,0,-6,0,-18,-4,-39,0,-82,-42,-65,-72,-258,-268,-489,-476,-804,-805,-829,-431,-431,-456,-808,-425,-411,-412,-29994,-29995,-29999]} 1. Nf3 d5 2. d4 Nf6 3. c4 e6 4. Nc3 dxc4 5. e3 a6 6. Bxc4 b5 7. Be2 Bb7 8. O-O Nbd7 9. a3 c5 10. dxc5 Bxc5 11. b4 {D27: Queen's Gambit Accepted: Classical main line: 7 e4!? and 7 a4.} Be7 12. Bb2 O-O 13. Qb3 {The position is equal.} Qb6 14. Rfd1 Rfd8 15. Rac1 Rac8 16. Rd2 {[#]} Qa7 $146 ({Predecessor:} 16... Ne4 17. Nxe4 Rxc1+ 18. Bxc1 Bxe4 {½-½ (18) Dolezal,R (2359)-Voloshin,L (2426) Czechia 2013}) 17. Rcd1 Nd5 18. Nd4 (18. Ne4 $11) 18... N7b6 {[%cal Bd7b6,Bb6c4,Bc4b2,Bb2d1][%mdl 32] [#] Threatens to win with ...Nxc3.} 19. Bf3 Nc4 20. Nxd5 $2 {White does not recover from this.} (20. Rd3 $17) 20... Bxd5 $19 21. Re2 $2 (21. Bxd5 Nxd2 22. Rxd2 Rxd5 23. g3) 21... Nxb2 22. Bxd5 (22. Qxb2 $142 Bxf3 23. gxf3) 22... Nxd1 ({Stronger than} 22... exd5 23. Rxb2 (23. Qxb2 Bf6 $11) 23... Rc4 24. Rbd2 $11) 23. Nc6 Rxc6 24. Bxc6 Qc7 25. Rc2 (25. Bf3 $142) 25... Qd6 26. Bf3 Bf6 27. Rc6 {[#]} (27. g3 $19) 27... Qd2 {[%cal Rd2e1]} 28. Rc2 Qe1# {Accuracy: White = 38%, Black = 67%.} 0-1

[Event "HUN-ch Rapid 2020"]
[Site "Ajka"]
[Date "2020.07.19"]
[Round "13.18"]
[White "Horvath, Peter"]
[Black "Udvardi, Zalan"]
[Result "1-0"]
[WhiteElo "2409"]
[BlackElo "2222"]
[Annotator "TA"]
[PlyCount "117"]
[EventDate "2020.07.17"]
[EventType "rapid"]
[EventCountry "HUN"]
[SourceTitle "playchess.com"]
[Source "ChessBase"]
[SourceQuality "1"]

{[%evp 9,117,14,10,25,17,2,7,-40,-38,-135,-125,-162,-162,-310,-313,-287,-293,-375,-355,-348,-239,-233,-243,-236,-243,-245,-235,-243,-229,-222,-208,-190,-150,-140,-121,-145,-144,-124,-45,-131,-33,-54,-39,-58,0,0,0,0,0,0,10,0,0,0,0,0,0,0,0,0,0,0,0,0,0,0,0,0,14,0,0,0,541,537,520,515,494,492,447,373,366,287,277,53,53,54,207,212,183,13,29969,179,152,11,363,0,0,0,363,356,355,355,264,274,29984,29985,29985,29986,29990,29987]} 1. d4 Nf6 2. c4 e6 3. Nc3 Bb4 4. Bg5 O-O 5. e3 h6 6. Bh4 {E30: Nimzo-Indian: Leningrad Variation.} c5 7. d5 b5 8. Qc2 {The position is equal.} (8. Nf3 {is more complex.} Bb7 9. d6 g5 10. Bg3 Ne4 11. Rc1) 8... bxc4 {[#]} 9. O-O-O $146 (9. dxe6 $15 fxe6 10. Bxc4) ({Predecessor:} 9. Bxc4 g5 10. dxe6 Bxc3+ 11. Qxc3 d5 12. exf7+ Rxf7 13. O-O-O gxh4 14. Nf3 Be6 15. Ne5 {0-1 (31) Zenyuk,I (2245)-Zatonskih,A (2499) Saint Louis 2011}) 9... Bxc3 $1 $17 10. bxc3 exd5 {[#]} ({Resist} 10... g5 11. Bg3 $15) 11. Bxf6 (11. Rxd5 $1 {[%mdl 512] might work better.} Bb7 (11... Nxd5 12. Bxd8) 12. Rd6) 11... Qxf6 $19 12. Rxd5 Bb7 13. Rxc5 d5 14. Rb5 Qa6 15. Rb2 Nd7 16. Nf3 Bc6 17. Nd4 Rab8 18. Nxc6 Qxc6 19. Be2 Rxb2 20. Kxb2 Nc5 {...Qf6 is the strong threat.} 21. Rb1 Rb8+ 22. Ka1 Rxb1+ 23. Kxb1 g6 (23... Qf6 $17 24. Bf3 Qe5) 24. Qb2 ({Better is} 24. f3 $15) 24... Kg7 (24... Qf6 $17 25. Bf3 Qf5+ 26. Qc2 Qe5) 25. Qb4 Ne4 26. f3 Nc5 ({Black should play} 26... Nd6 $15) 27. e4 $11 dxe4 {And now ...Nd3 would win.} 28. Qxc4 Qd6 29. fxe4 Qd2 30. Qxc5 Qe1+ 31. Kc2 Qxe2+ {[%mdl 4160] Endgame Double Attack. KQ-KQ} 32. Kb3 Qxg2 33. Qxa7 Qxh2 34. Qd4+ Kh7 35. Qf6 Qc7 36. a4 Qb7+ 37. Ka3 Kg8 38. e5 Qd5 39. e6 {White wants to mate with Qxf7+.} Qd6+ 40. Kb3 Qb6+ $2 {[%mdl 8192]} (40... Qd1+ $11 {and Black stays safe.} 41. Kb4 Qd6+ 42. Kb5 Qd5+ 43. Kb4 Qd6+ 44. Kc4 Qc7+ 45. Kb5 Qb8+ 46. Kc6 Qa8+ 47. Kc5 Qa7+ 48. Kd6 Qb6+ 49. Kd7 Qa7+ 50. Kd6 Qb8+ 51. Kd5 Qa8+ 52. Ke5 Qa5+ 53. Kd6 Qb6+ 54. Ke5 Qa5+ 55. Kd6 Qb6+) 41. Kc2 $18 fxe6 42. Qxg6+ Kf8 43. Qxh6+ Ke7 44. Qg7+ Kd6 45. Qf8+ (45. Qd4+ Qxd4 46. cxd4 e5 $11) 45... Kd7 46. Qb4 $2 (46. Qf1 $18 {Hoping for Qb5+.} Ke7 47. Qc4) 46... Qf2+ $14 47. Kb3 {Threatens to win with Qd4+.} e5 $2 (47... Qe1 $1 $14) 48. Qb5+ $1 $18 Kd6 49. a5 $2 (49. Qd3+ $18 Kc5 50. Qc4+ Kd6 51. a5) 49... Qa7 $2 {[%mdl 8192]} (49... Qe1 $11) 50. a6 $2 (50. Qd3+ {mates} Kc7 51. Qh7+ Kb8 52. Qxa7+ Kxa7 53. Kc4 e4 54. Kd4 e3 55. Kxe3) 50... e4 51. Kc4 (51. c4 $1 $16 {Qd5+ would kill now.} Qe3+ 52. Ka4) 51... Qc7+ $2 {[%mdl 8192]} (51... Qf7+ $1 $11 {and Black is okay.} 52. Kb4 (52. Kd4 Qf6+ 53. Kxe4 Qxc3 $11) 52... Qf2) 52. Kd4 $2 (52. Kb4 $1 $18) 52... Qg7+ $11 53. Kc4 $2 {[%mdl 8192]} (53. Kxe4 $11 Qxc3 54. Qd5+ Kc7 55. Qf7+ (55. Qb7+ Kd8 $11) 55... Kc8 56. Qe8+ Kc7 57. Qf7+ Kc8 58. Qf8+ Kc7 59. Qe7+ Kc8 60. Qf8+ Kc7 61. Qf7+) 53... Qc7+ $18 54. Kb4 $1 {Strongly threatening c4.} Qa7 55. c4 $1 {[%cal Bc3c4,Bc4c5,Bc5c6][%mdl 32] White threatens Qd5+ and mate.} e3 {[#] intending ...Qd4.} 56. c5+ $1 Kc7 $2 {[#]} (56... Ke5 $18 57. Qb7 e2 58. Qxa7 e1=Q+ 59. Kb5 Qb1+ 60. Kc6 Qg6+ 61. Kb7 Qf7+ 62. Ka8 Qd5+ 63. Qb7 Qxc5) 57. Kc3 $1 {White mates.} Qa8 58. Qb6+ Kc8 59. c6 {What a bad dream for Black. Accuracy: White = 63%, Black = 65%.} 1-0

[Event "HUN-ch Rapid 2020"]
[Site "Ajka"]
[Date "2020.07.19"]
[Round "13.19"]
[White "Karacsonyi, Gellert"]
[Black "Molnar, Bela"]
[Result "1-0"]
[WhiteElo "2292"]
[BlackElo "2307"]
[Annotator "TA"]
[PlyCount "71"]
[EventDate "2020.07.17"]
[EventType "rapid"]
[EventCountry "HUN"]
[SourceTitle "playchess.com"]
[Source "ChessBase"]
[SourceQuality "1"]

{[%evp 13,71,29,32,23,33,40,35,0,4,0,0,0,0,-10,-19,-18,-14,-18,-18,-19,-6,-40,0,0,22,0,27,22,23,13,11,14,12,2,13,0,0,-32,41,40,41,32,50,35,51,55,55,55,64,23,22,0,115,121,464,0,383,403,383,349]} 1. e4 c5 2. Nf3 Nc6 3. d4 cxd4 4. Nxd4 e5 5. Nb5 d6 6. N1c3 a6 7. Na3 Be7 8. Nd5 {B32: Sicilian: Löwenthal and Kalashnikov Variations.} Nf6 9. Nxf6+ Bxf6 10. c4 {White is slightly better.} O-O 11. Be2 Be6 12. O-O {[#]} Rc8 $146 ({Predecessor:} 12... Bg5 13. Nc2 Bxc1 14. Rxc1 Qh4 15. Qd3 Rfd8 16. Rfd1 Rac8 17. b3 Qg5 18. Rd2 Rd7 {0-1 (50) Shome,S (2298)-Dardha,D (2420) Zaragoza 2019}) 13. Be3 Bg5 14. Nc2 Bxe3 15. Nxe3 Nd4 16. b3 g6 17. Rc1 Qh4 18. Nc2 Nc6 (18... Qxe4 {is interesting.} 19. Nxd4 Qxd4 20. Qxd4 exd4 21. Rfd1 b5) 19. Bf3 Rcd8 20. g3 Qe7 21. Qd2 b5 22. Be2 Qb7 23. f4 Qb6+ 24. Kh1 Bh3 25. Rfd1 f5 (25... Qf2 $15 26. Bf1 Qxd2 27. Rxd2 Bxf1 28. Rxf1 bxc4) 26. exf5 $14 Bxf5 27. Bf3 $1 $36 {[%mdl 2048] [#] And now Qd5+ would win. White has the initiative.} Bxc2 28. Qxc2 {cxb5 is the strong threat.} Nd4 29. Bd5+ Kg7 30. Qe4 Rde8 31. cxb5 axb5 32. a4 b4 (32... bxa4 $11 {keeps the balance.} 33. bxa4 Nf5) 33. Rc4 $16 Qa5 $2 {[%mdl 8192]} (33... Nf5 $16) 34. Rdc1 $2 (34. Rdxd4 $1 $18 exf4 35. Be6) 34... Nxb3 $2 {[%mdl 8192]} (34... Ne2 $11 {and Black has nothing to worry.} 35. Qxe2 Qxd5+ 36. Qg2 Qd3) 35. Rc7+ $18 {[%mdl 64] [#] Discovered Attack} Kh8 36. Bxb3 {Accuracy: White = 81%, Black = 68%.} 1-0